[Event "40th ECC Open 2025"]
[Site "Rhodes GRE"]
[Date "2025.10.23"]
[Round "5.101"]
[White "Azoulay, Yehonatan"]
[Black "Jaeggi, Dorian"]
[Result "1/2-1/2"]
[BlackTitle "FM"]
[WhiteElo "2136"]
[BlackElo "2327"]
[WhiteTeam "Rishon Le Zion #2"]
[BlackTeam "SG Riehen"]
[WhiteFideId "2839415"]
[BlackFideId "1306294"]
[EventDate "2025.10.19"]
[EventType "team"]

1. e4 c6 2. d4 d5 3. e5 Bf5 4. h4 h5 5. Bd3 Bxd3 6. Qxd3 Qa5+ 7. c3 e6 8. a4 Qa6
9. Qd1 c5 10. Na3 cxd4 11. Nb5 Qb6 12. Nxd4 Nc6 13. Ngf3 a6 14. O-O Nge7 15. b4
Nxd4 16. Nxd4 Nc6 17. Re1 Nxd4 18. Be3 Be7 19. Bxd4 Qc7 20. a5 Bxh4 21. Re3 Be7
22. Rh3 g6 23. f4 Qc4 24. Kf2 Kd7 25. Qa4+ Qb5 26. Qxb5+ axb5 27. Rah1 Rh7 28.
g4 h4 29. g5 Rah8 30. Kf3 Bd8 31. Kg4 Kc8 32. Rxh4 Rxh4+ 33. Rxh4 Rxh4+ 34. Kxh4
b6 35. axb6 Kb7 36. Kg3 Bxb6 37. Kf3 Bxd4 1/2-1/2

[Event "40th ECC Open 2025"]
[Site "Rhodes GRE"]
[Date "2025.10.23"]
[Round "5.102"]
[White "Collin, Moritz Valentin"]
[Black "Tashkinova, Sofiia"]
[Result "1-0"]
[WhiteTitle "FM"]
[BlackTitle "WFM"]
[WhiteElo "2282"]
[BlackElo "2036"]
[WhiteTeam "SG Riehen"]
[BlackTeam "Rishon Le Zion #2"]
[WhiteFideId "1342932"]
[BlackFideId "14188309"]
[EventDate "2025.10.19"]
[EventType "team"]

1. e4 e6 2. d4 d5 3. Nc3 Nf6 4. e5 Nfd7 5. f4 c5 6. Nf3 Nc6 7. Be3 Be7 8. Qd2 a6
9. Ne2 cxd4 10. Nexd4 Nc5 11. O-O-O Ne4 12. Qe1 Qc7 13. Kb1 Bd7 14. h4 f6 15.
Bd3 O-O-O 16. Nxc6 Bxc6 17. Qg1 Qa5 18. Bb6 Qb4 19. Bxe4 dxe4 20. Bxd8 Rxd8 21.
Rxd8+ Bxd8 22. Nd4 Bd5 23. Qe3 fxe5 24. fxe5 Bc7 25. c3 Qa5 26. Nb3 Qb5 27. Rc1
Kb8 28. Nd4 Bb6 29. c4 Qb4 30. a3 Qa4 31. cxd5 exd5 32. Nc6+ Qxc6 33. Rxc6 Bxe3
34. e6 bxc6 35. e7 Kc7 36. e8=Q c5 37. Qe5+ Kc6 38. Qe6+ 1-0

[Event "40th ECC Open 2025"]
[Site "Rhodes GRE"]
[Date "2025.10.23"]
[Round "5.103"]
[White "Tarhan, Adar"]
[Black "Movsesian, Sergei"]
[Result "0-1"]
[WhiteTitle "IM"]
[BlackTitle "GM"]
[WhiteElo "2432"]
[BlackElo "2600"]
[WhiteTeam "Pausa Chess Team"]
[BlackTeam "Sigil Fund Pardubice"]
[WhiteFideId "34544712"]
[BlackFideId "310204"]
[EventDate "2025.10.19"]
[EventType "team"]

1. d4 d5 2. Nf3 e6 3. Bf4 Bd6 4. e3 Bxf4 5. exf4 Qd6 6. g3 Qb4+ 7. Nbd2 Qxb2 8.
Rb1 Qa3 9. Rb3 Qe7 10. c4 Nf6 11. cxd5 O-O 12. Bd3 exd5+ 13. Ne5 c5 14. Bb1 Nc6
15. Re3 Qd6 16. dxc5 Qxc5 17. O-O Be6 18. Nb3 Qb6 19. f5 Nxe5 20. fxe6 Qxe6 21.
Nc5 Qh3 22. f3 Rae8 23. Rfe1 Qc8 24. Nxb7 Nxf3+ 25. Rxf3 Rxe1+ 26. Qxe1 Qxb7 27.
Rxf6 gxf6 28. Qd1 Re8 29. Qg4+ Kf8 30. Bxh7 Qb2 31. Qg8+ Ke7 32. Qg4 Kd8 33. Qd1
Re5 34. Bc2 Qc3 35. Kf1 Ke7 36. Bb3 d4 37. Kg2 Qb2+ 38. Kg1 d3 39. Qf1 d2 40.
Qf2 Re1+ 41. Kg2 d1=N 0-1

[Event "40th ECC Open 2025"]
[Site "Rhodes GRE"]
[Date "2025.10.23"]
[Round "5.104"]
[White "Hracek, Zbynek"]
[Black "Durak, Can"]
[Result "1/2-1/2"]
[WhiteTitle "GM"]
[BlackTitle "IM"]
[WhiteElo "2539"]
[BlackElo "2425"]
[WhiteTeam "Sigil Fund Pardubice"]
[BlackTeam "Pausa Chess Team"]
[WhiteFideId "300071"]
[BlackFideId "44552971"]
[EventDate "2025.10.19"]
[EventType "team"]

1. c4 e6 2. Nf3 Nf6 3. d4 d5 4. Nc3 Be7 5. Bf4 O-O 6. e3 b6 7. Bd3 dxc4 8. Bxc4
Ba6 9. Bxa6 Nxa6 10. O-O c5 11. Qe2 Nb4 12. dxc5 Bxc5 13. Rfd1 Nbd5 14. Nxd5
Nxd5 15. Bg3 Qe7 16. a3 Qb7 17. Ne5 Rfd8 18. Rac1 Rac8 19. h3 Bd6 20. Rxc8 Qxc8
21. e4 Bxe5 22. Bxe5 Nf6 23. Rxd8+ Qxd8 24. Qc4 Qa8 25. Qd4 Qc6 26. Qd8+ Ne8 27.
Qe7 a6 28. Bc3 h6 29. Qd8 Kh7 30. Qd3 Nc7 31. Be5 f6 32. Bxc7 1/2-1/2

[Event "40th ECC Open 2025"]
[Site "Rhodes GRE"]
[Date "2025.10.23"]
[Round "5.105"]
[White "Oktem, Ege Tuna"]
[Black "Nemec, Jachym"]
[Result "1-0"]
[WhiteTitle "FM"]
[BlackTitle "FM"]
[WhiteElo "2367"]
[BlackElo "2448"]
[WhiteTeam "Pausa Chess Team"]
[BlackTeam "Sigil Fund Pardubice"]
[WhiteFideId "26314363"]
[BlackFideId "23716525"]
[EventDate "2025.10.19"]
[EventType "team"]

1. e4 c5 2. c3 Nf6 3. e5 Nd5 4. Nf3 e6 5. d4 cxd4 6. cxd4 d6 7. Bc4 Be7 8. O-O
O-O 9. Qe2 a6 10. Bd2 dxe5 11. dxe5 b5 12. Bd3 Nd7 13. Nc3 Bb7 14. Rad1 Qc7 15.
Rc1 Nxc3 16. Rxc3 Qb6 17. Bxh7+ Kxh7 18. Qd3+ Kg8 19. Qxd7 Bb4 20. Rc7 Bxf3 21.
Bxb4 Rad8 22. Qe7 Be2 23. Re1 Bc4 24. b3 Bd5 25. Bc5 Qa5 26. b4 Qxa2 27. Qg5 Bc4
28. Bxf8 Rxf8 29. h4 Qc2 30. h5 Kh7 31. Re3 Qf5 32. Qe7 Kg8 33. h6 Qb1+ 34. Kh2
Qf5 35. Qh4 g6 36. h7+ Kg7 37. f4 Qh5 38. Rh3 Qxh4 39. Rxh4 Rh8 40. Kg3 a5 41.
bxa5 Bd5 42. a6 b4 43. a7 b3 44. Rc5 1-0

[Event "40th ECC Open 2025"]
[Site "Rhodes GRE"]
[Date "2025.10.23"]
[Round "5.106"]
[White "Delgerdalai, Bayarjavkhlan"]
[Black "Aydin, Gulenay"]
[Result "1-0"]
[WhiteTitle "FM"]
[BlackTitle "WIM"]
[WhiteElo "2376"]
[BlackElo "2237"]
[WhiteTeam "Sigil Fund Pardubice"]
[BlackTeam "Pausa Chess Team"]
[WhiteFideId "23727276"]
[BlackFideId "34557431"]
[EventDate "2025.10.19"]
[EventType "team"]

1. e4 c5 2. Nf3 Nc6 3. d4 cxd4 4. Nxd4 g6 5. c4 Nf6 6. Nc3 d6 7. Be2 Nxd4 8.
Qxd4 Bg7 9. Be3 O-O 10. Qd3 a6 11. O-O Bd7 12. Rfd1 b5 13. cxb5 axb5 14. a3 Bc6
15. Bd4 Qa5 16. b4 Qa6 17. f3 Qb7 18. Nxb5 Nh5 19. Nc3 Nf4 20. Qd2 Bxd4+ 21.
Qxd4 Nxe2+ 22. Nxe2 Bb5 23. Nc3 Rfc8 24. a4 Bc4 25. b5 Bb3 26. Rdb1 Rc4 27. Qd3
Qb6+ 28. Kh1 Rd4 29. Qe3 Raxa4 30. Nxa4 Rd1+ 31. Rxd1 Qxe3 32. Rdb1 Bc2 33. b6
Bxb1 34. Rxb1 Qd3 35. Nc3 1-0

[Event "40th ECC Open 2025"]
[Site "Rhodes GRE"]
[Date "2025.10.23"]
[Round "5.107"]
[White "Senel, Hayri Beyhun"]
[Black "Stehno, Pavel"]
[Result "0-1"]
[WhiteTitle "FM"]
[WhiteElo "2129"]
[BlackElo "2305"]
[WhiteTeam "Pausa Chess Team"]
[BlackTeam "Sigil Fund Pardubice"]
[WhiteFideId "26314690"]
[BlackFideId "313467"]
[EventDate "2025.10.19"]
[EventType "team"]

1. d4 g6 2. c4 Bg7 3. g3 c5 4. d5 b5 5. cxb5 a6 6. bxa6 Nxa6 7. Nc3 Nf6 8. Bg2
d6 9. a3 O-O 10. Nf3 Bf5 11. Nh4 Bd7 12. O-O Qb6 13. Nf3 Rfb8 14. e4 Ng4 15. h3
Ne5 16. Nxe5 Bxe5 17. Kh2 Qb3 18. f4 Bg7 19. e5 Bf5 20. g4 Bc2 21. Qe2 c4 22.
Rf3 Bd3 23. Qe1 Nb4 24. Qg3 Nc2 25. Ra2 Nd4 26. Re3 Ne2 0-1

[Event "40th ECC Open 2025"]
[Site "Rhodes GRE"]
[Date "2025.10.23"]
[Round "5.108"]
[White "Bujnoch, Radek"]
[Black "Yaramis, Hakan"]
[Result "1/2-1/2"]
[WhiteTitle "FM"]
[WhiteElo "2247"]
[BlackElo "1978"]
[WhiteTeam "Sigil Fund Pardubice"]
[BlackTeam "Pausa Chess Team"]
[WhiteFideId "313300"]
[BlackFideId "6304613"]
[EventDate "2025.10.19"]
[EventType "team"]

1. d4 Nf6 2. c4 c5 3. d5 e6 4. Nc3 exd5 5. cxd5 d6 6. Nf3 g6 7. Nd2 Bg7 8. e4
O-O 9. Be2 Re8 10. O-O Na6 11. f3 Nc7 12. a4 b6 13. Nc4 Ba6 14. Rb1 Bxc4 15.
Bxc4 a6 16. b4 Nd7 17. Bd2 Qf6 18. Kh1 b5 19. axb5 Qd4 20. Be2 cxb4 21. Na4 axb5
22. Rxb4 Qa7 23. Nc3 Qc5 24. Qb3 Bxc3 25. Bxc3 Nxd5 26. Rxb5 Qxc3 27. Qxd5 Qf6
28. Rbb1 Rad8 29. Rfd1 Nc5 30. Rb6 Ne6 31. g3 Qc3 32. Qd2 Qc5 33. Rb5 Qf2 34.
Rf1 Qa7 35. Rd5 1/2-1/2

[Event "40th ECC Open 2025"]
[Site "Rhodes GRE"]
[Date "2025.10.23"]
[Round "5.109"]
[White "Alonso Rosell, Alvar"]
[Black "Ostlund, Joar"]
[Result "1-0"]
[WhiteTitle "GM"]
[BlackTitle "FM"]
[WhiteElo "2538"]
[BlackElo "2361"]
[WhiteTeam "Silla-Integrant Col.lectius"]
[BlackTeam "Wasa SK"]
[WhiteFideId "2270544"]
[BlackFideId "1735020"]
[EventDate "2025.10.19"]
[EventType "team"]

1. d4 Nf6 2. c4 e6 3. Nf3 b6 4. e3 Bb7 5. Bd3 d5 6. O-O Bd6 7. b3 O-O 8. Bb2
dxc4 9. Bxc4 c5 10. dxc5 Bxc5 11. Qe2 Qe7 12. a3 Nc6 13. Nbd2 Rad8 14. Bd3 Bd6
15. Rfd1 Bb8 16. Rac1 Ng4 17. h3 Nge5 18. Bb1 Ng6 19. b4 Rd7 20. Be4 Nce5 21.
Bxb7 Rxb7 22. Nd4 Qe8 23. f4 Nd7 24. Ne4 e5 25. Nf5 exf4 26. Ned6 Bxd6 27. Nxd6
Qb8 28. Nxb7 Qxb7 29. exf4 Nf6 30. f5 Nf4 31. Qf2 Qe4 32. Re1 Qxf5 33. Re5 Nxh3+
34. gxh3 Qxh3 35. Rg5 Nh5 36. Qd4 f6 37. Qd5+ Kh8 38. Rxh5 Qg3+ 39. Kh1 Re8 40.
Rxh7+ 1-0

[Event "40th ECC Open 2025"]
[Site "Rhodes GRE"]
[Date "2025.10.23"]
[Round "5.110"]
[White "Wernberg, Hugo"]
[Black "Lopez Martinez, Josep Manuel"]
[Result "0-1"]
[WhiteTitle "FM"]
[BlackTitle "GM"]
[WhiteElo "2263"]
[BlackElo "2477"]
[WhiteTeam "Wasa SK"]
[BlackTeam "Silla-Integrant Col.lectius"]
[WhiteFideId "1737511"]
[BlackFideId "2212943"]
[EventDate "2025.10.19"]
[EventType "team"]

1. g3 e5 2. Nf3 d6 3. Bg2 f5 4. c4 Nf6 5. O-O Be7 6. b4 a5 7. Qa4+ c6 8. b5 c5
9. d3 O-O 10. Nc3 Nbd7 11. Qc2 Nb6 12. Ne1 Kh8 13. f4 exf4 14. gxf4 d5 15. cxd5
Nfxd5 16. Nxd5 Nxd5 17. Nf3 Be6 18. Kh1 Bf6 19. Ne5 Bxe5 20. fxe5 b6 21. a3 Qd7
22. e4 fxe4 23. dxe4 Rxf1+ 24. Bxf1 Rf8 25. Bg5 Nc7 26. Rd1 Bh3 27. Qd3 Qxd3 28.
Bxd3 Ne6 29. Be7 Rf7 30. Bd6 Rf2 31. Kg1 Rg2+ 32. Kh1 Rb2 33. Bf1 Bxf1 34. Rxf1
Kg8 35. a4 Rb4 36. Rd1 Rxa4 37. Bc7 Nxc7 38. Rd8+ Kf7 39. Rd7+ Ke8 40. Rxc7 Rb4
41. Kg2 Rxb5 42. Kf3 a4 43. Kf4 a3 44. Kf5 Kd8 45. Rxg7 a2 46. Ke6 a1=Q 47. Kd6
Qd4+ 48. Kc6 Rb4 49. Rd7+ Qxd7# 0-1

[Event "40th ECC Open 2025"]
[Site "Rhodes GRE"]
[Date "2025.10.23"]
[Round "5.111"]
[White "Olsen, Filip Boe"]
[Black "Cramling, Dan"]
[Result "1-0"]
[WhiteTitle "IM"]
[BlackTitle "IM"]
[WhiteElo "2451"]
[BlackElo "2319"]
[WhiteTeam "Silla-Integrant Col.lectius"]
[BlackTeam "Wasa SK"]
[WhiteFideId "1440640"]
[BlackFideId "1700162"]
[EventDate "2025.10.19"]
[EventType "team"]

1. d4 Nf6 2. c4 c5 3. d5 b5 4. cxb5 a6 5. e3 g6 6. Nc3 Bg7 7. a4 O-O 8. e4 Bb7
9. Bc4 axb5 10. Bxb5 e6 11. Nge2 Na6 12. O-O Nc7 13. Bc4 exd5 14. exd5 Ba6 15.
Bxa6 Rxa6 16. d6 Nce8 17. Bf4 Nh5 18. Qd3 Qa8 19. Bg5 Rxd6 20. Qb5 Re6 21. Qxd7
Nd6 22. Rfd1 Nc4 23. Qb5 Na5 24. Rab1 c4 25. Rd5 Ra6 26. Rbd1 Nf6 27. Rd6 Rxd6
28. Rxd6 Ne4 29. Ra6 Qe8 30. Qxe8 1-0

[Event "40th ECC Open 2025"]
[Site "Rhodes GRE"]
[Date "2025.10.23"]
[Round "5.112"]
[White "Wedberg, Tom"]
[Black "Domingo Nunez, Ruben"]
[Result "1-0"]
[WhiteTitle "GM"]
[BlackTitle "IM"]
[WhiteElo "2340"]
[BlackElo "2422"]
[WhiteTeam "Wasa SK"]
[BlackTeam "Silla-Integrant Col.lectius"]
[WhiteFideId "1700073"]
[BlackFideId "22245570"]
[EventDate "2025.10.19"]
[EventType "team"]

1. Nf3 c5 2. b3 d5 3. e3 a6 4. Bb2 Nc6 5. d4 cxd4 6. Nxd4 Nf6 7. Be2 e6 8. O-O
Bd6 9. c4 O-O 10. cxd5 exd5 11. Nd2 Be6 12. N2f3 Ne7 13. Bd3 Qd7 14. Ne2 Ne8 15.
Ne5 Bxe5 16. Bxe5 Bf5 17. Rc1 Bxd3 18. Qxd3 Nc6 19. Bb2 Nc7 20. Rfd1 Rad8 21.
Nf4 Qe7 22. h3 Rd7 23. Qd2 Rfd8 24. Ne2 Ne6 25. Nd4 Nexd4 26. Bxd4 Qe4 27. Bb6
Re8 28. Qc2 Qe5 29. Bd4 Qg5 30. Bb2 Re6 31. Kh2 Rg6 32. g3 h5 33. h4 Qg4 34. Rd2
Qf3 35. Qd1 Qf5 36. Qe2 Rg4 37. Rcd1 Re4 38. Kg2 Re8 39. Qf3 Qxf3+ 40. Kxf3 Red8
41. Bd4 Re8 42. Ke2 Rc8 43. Bc5 Nd8 44. Rxd5 Rxd5 45. Rxd5 Ne6 46. Bb4 Rc2+ 47.
Rd2 Rc1 48. Kd3 b6 49. Rc2 Rf1 50. Ke2 Ra1 51. Ba3 a5 52. Kd3 b5 53. Bc1 Rb1 54.
Bb2 Rd1+ 55. Ke2 Rb1 56. f4 Nc7 57. Kf3 Nd5 58. Bd4 Rf1+ 59. Ke4 Nb4 60. Rc5
Nxa2 61. Rxb5 Nc1 62. Rxa5 Nxb3 63. Rxh5 f6 64. Rb5 Nc1 65. g4 Ne2 66. g5 Ng3+
67. Kd5 Kf7 68. gxf6 gxf6 69. Rb7+ Kg6 70. Rb6 Nh5 71. Ke6 Nxf4+ 72. exf4 Rxf4
73. h5+ Kxh5 74. Bxf6 Kg4 75. Be5 Rf2 76. Rb3 Rg2 77. Kd5 Rg1 78. Rb8 Rd1+ 79.
Bd4 Re1 80. Rg8+ Kf5 81. Rf8+ Kg4 82. Be5 Re2 83. Rf4+ Kg5 84. Ke6 Rg2 85. Re4
Rf2 86. Re3 Rg2 87. Ra3 Kg4 88. Ra8 Kf3 89. Kf5 Rc2 90. Ra3+ Ke2 91. Ke4 Rd2 92.
Rc3 Ra2 93. Bd4 Kf1 94. Rb3 Rc2 95. Ra3 Kg2 96. Ra1 Kg3 97. Ra8 Kg2 98. Ke3 Kf1
99. Rf8+ Kg2 100. Kd3 Ra2 101. Ke4 Ra3 102. Rf2+ Kg3 103. Rb2 Ra4 104. Rc2 Ra8
105. Be5+ Kg4 106. Rg2+ Kh3 107. Rg6 Ra4+ 108. Kf5 Rb4 109. Rg3+ Kh4 110. Ra3
Rb5 111. Ra4+ Kh3 112. Ra2 1-0

[Event "40th ECC Open 2025"]
[Site "Rhodes GRE"]
[Date "2025.10.23"]
[Round "5.113"]
[White "Luque Saiz, Andres"]
[Black "Astrom, Goran"]
[Result "1-0"]
[WhiteTitle "FM"]
[BlackTitle "FM"]
[WhiteElo "2343"]
[BlackElo "2170"]
[WhiteTeam "Silla-Integrant Col.lectius"]
[BlackTeam "Wasa SK"]
[WhiteFideId "24510793"]
[BlackFideId "1700847"]
[EventDate "2025.10.19"]
[EventType "team"]

1. e4 c5 2. Nf3 e6 3. d4 cxd4 4. Nxd4 Nc6 5. Nc3 Qc7 6. Qd3 a6 7. Nxc6 bxc6 8.
Qg3 Qxg3 9. hxg3 d5 10. g4 Nf6 11. f3 Bd6 12. Bd3 Bb7 13. g5 Nd7 14. Bd2 Bg3+
15. Ke2 Be5 16. Rh4 c5 17. exd5 exd5 18. b3 g6 19. Rah1 Nf8 20. Na4 Bd6 21. c4
d4 22. Nb6 Ra7 23. Nd5 Bxd5 24. cxd5 Kd8 25. Kf2 a5 26. Bb5 Kc7 27. Bc6 Kb6 28.
a4 Nd7 29. Bb5 Nb8 30. Rxh7 Rxh7 31. Rxh7 Re7 32. Rh8 Bc7 33. g3 Na6 34. Rc8 Nb4
35. Bxb4 cxb4 36. d6 1-0

[Event "40th ECC Open 2025"]
[Site "Rhodes GRE"]
[Date "2025.10.23"]
[Round "5.114"]
[White "Wenzel, Birger"]
[Black "Garcia Molina, Jose"]
[Result "0-1"]
[WhiteTitle "CM"]
[BlackTitle "FM"]
[WhiteElo "2035"]
[BlackElo "2206"]
[WhiteTeam "Wasa SK"]
[BlackTeam "Silla-Integrant Col.lectius"]
[WhiteFideId "4657497"]
[BlackFideId "32030592"]
[EventDate "2025.10.19"]
[EventType "team"]

1. Nf3 Nf6 2. c4 e6 3. g3 d5 4. Bg2 d4 5. O-O c5 6. d3 Nc6 7. e3 h6 8. exd4 cxd4
9. Na3 Bxa3 10. bxa3 O-O 11. Re1 Nd7 12. Rb1 Re8 13. a4 Rb8 14. Ba3 Qc7 15. Nd2
Nf6 16. Qc2 e5 17. Rb5 a6 18. Rd5 Rd8 19. Rxd8+ Nxd8 20. c5 Be6 21. Rb1 Bd5 22.
Bh3 Ne6 23. Ne4 Nxe4 24. dxe4 Bc6 25. Bc1 Qa5 26. Qe2 Nxc5 27. Bd2 Qxa4 0-1

[Event "40th ECC Open 2025"]
[Site "Rhodes GRE"]
[Date "2025.10.23"]
[Round "5.115"]
[White "Smirin, Ilia"]
[Black "Godart, Francois"]
[Result "1/2-1/2"]
[WhiteTitle "GM"]
[BlackTitle "IM"]
[WhiteElo "2554"]
[BlackElo "2381"]
[WhiteTeam "Perfect"]
[BlackTeam "CE Gambit Bonnevoie #1"]
[WhiteFideId "2801990"]
[BlackFideId "208078"]
[EventDate "2025.10.19"]
[EventType "team"]

1. e4 e6 2. d4 d5 3. Nd2 c5 4. Ngf3 cxd4 5. Nxd4 Nc6 6. Bb5 Bd7 7. Nxc6 bxc6 8.
Bd3 Bd6 9. Qe2 Qc7 10. Nf3 dxe4 11. Bxe4 Nf6 12. O-O O-O 13. Rd1 e5 14. Bd2 Bg4
15. h3 Bh5 16. g4 Nxe4 17. gxh5 f5 18. Ng5 Nxg5 19. Bxg5 Kh8 20. Qc4 Rae8 21.
Rd2 Be7 22. Qh4 h6 23. Bxe7 Rxe7 24. Rad1 e4 25. Rd6 f4 26. Rxc6 Qe5 27. Rd5
Qxd5 28. Qxe7 Rd8 29. Rg6 Rg8 30. Rg4 Qd1+ 31. Kh2 Qf3 32. Rg2 e3 33. fxe3 fxe3
34. Qe5 Qf7 35. Qxe3 Qxa2 36. b3 Qa5 37. c4 Qc7+ 38. Qg3 1/2-1/2

[Event "40th ECC Open 2025"]
[Site "Rhodes GRE"]
[Date "2025.10.23"]
[Round "5.116"]
[White "Khalafova, Narmin"]
[Black "Hamitevici, Vladimir"]
[Result "0-1"]
[WhiteTitle "WGM"]
[BlackTitle "GM"]
[WhiteElo "2244"]
[BlackElo "2445"]
[WhiteTeam "CE Gambit Bonnevoie #1"]
[BlackTeam "Perfect"]
[WhiteFideId "13402625"]
[BlackFideId "13902393"]
[EventDate "2025.10.19"]
[EventType "team"]

1. e4 c6 2. d4 d5 3. e5 Bf5 4. Nf3 e6 5. Be2 Nd7 6. O-O a5 7. a4 f6 8. Nh4 fxe5
9. Nxf5 exf5 10. dxe5 Nxe5 11. Bh5+ Ng6 12. Re1+ Kf7 13. Nd2 Nf6 14. Nf3 Ne4 15.
Ne5+ Kg8 16. Bxg6 hxg6 17. Nxg6 Bc5 18. Rf1 Rh7 19. g3 Qd6 20. Nf4 Qh6 21. h4
Nxg3 22. Kg2 Nxf1 23. Kxf1 Qxh4 24. Qf3 Re8 25. Nd3 Bd6 26. b3 Qe4 27. Qxe4 fxe4
28. Nf4 0-1

[Event "40th ECC Open 2025"]
[Site "Rhodes GRE"]
[Date "2025.10.23"]
[Round "5.117"]
[White "Atlas, Valery"]
[Black "Buhr, Carl Christian"]
[Result "1/2-1/2"]
[WhiteTitle "IM"]
[BlackTitle "FM"]
[WhiteElo "2407"]
[BlackElo "2248"]
[WhiteTeam "Perfect"]
[BlackTeam "CE Gambit Bonnevoie #1"]
[WhiteFideId "12000035"]
[BlackFideId "4619307"]
[EventDate "2025.10.19"]
[EventType "team"]

1. e4 c5 2. Nf3 d6 3. d4 cxd4 4. Nxd4 Nf6 5. Nc3 a6 6. g3 e6 7. Bg2 Qc7 8. O-O
Be7 9. a4 Nc6 10. Be3 O-O 11. Qe2 Nxd4 12. Bxd4 e5 13. Be3 Be6 14. Rfd1 Rac8 15.
a5 h6 16. Rd2 Rfe8 17. h3 Qc4 18. Qd1 Rb8 19. Ra4 Qc6 20. Qa1 Bd7 21. b3 Be6 22.
f4 Bd8 23. f5 b5 24. Ra2 Bc8 25. Nd5 Bb7 26. Rd3 Qd7 27. Nxf6+ Bxf6 28. c4 bxc4
29. bxc4 Qc6 30. Rc2 Ba8 31. Qd1 Be7 32. f6 Bxf6 33. Rxd6 Rb1 34. Qxb1 Qxd6 35.
Rb2 Qa3 36. Rb3 Qxa5 37. Bb6 Qa4 38. Rb4 Qd7 39. Kh2 Bd8 40. c5 Bc6 41. Bxd8
Qxd8 42. Rb6 Qa8 43. Qd3 Bb5 44. Qd6 Qd8 45. h4 Qxd6 46. cxd6 Rd8 47. Kg1 Bd3
48. Kf2 a5 49. Ke3 Bc4 50. Kd2 Be6 51. Ra6 a4 52. Rxa4 Rxd6+ 53. Ke3 Rb6 54. Bf3
Rb3+ 55. Kf2 Rb5 56. Ke3 g6 57. h5 g5 58. g4 Kg7 59. Ra8 Rb3+ 60. Kf2 Rd3 61.
Ra5 Kf6 62. Ra8 Rd2+ 63. Kg3 Rc2 64. Rb8 Bc4 65. Rb6+ Kg7 66. Rc6 Bb3 67. Rb6
Rc3 68. Kf2 Ba2 69. Rb5 Kf6 70. Rb6+ Be6 71. Kg3 Ke7 72. Kf2 Kd7 73. Ra6 Rc2+
74. Kg3 Kc7 75. Ra8 Bc8 76. Ra5 Kd6 77. Rd5+ Ke6 78. Rd8 Kf6 79. Rh8 Be6 80. Rb8
Rc5 81. Rb6 Ke7 82. Kf2 Kd7 83. Ra6 Rc2+ 84. Kg3 Ra2 85. Rb6 Kc7 86. Rb5 f6 87.
Rb4 Bd7 88. Rb3 Bc6 89. Rc3 Rd2 90. Rc1 Rb2 91. Ra1 Rb4 92. Re1 Kb6 93. Kf2 Kc5
94. Ke3 Rb3+ 95. Kf2 Kd4 96. Ra1 Rb2+ 97. Kg3 Rc2 98. Ra7 Rc3 99. Kf2 Rc2+ 100.
Kg3 Rc1 101. Kf2 Rc4 102. Rf7 Bxe4 103. Bxe4 Kxe4 104. Rxf6 Kd3 105. Rxh6 Rxg4
106. Rd6+ Ke4 107. h6 Kf5 108. Ra6 Rh4 109. Kg3 Rh1 110. Kg2 Rh5 111. Kg3 g4
112. Rb6 Rh3+ 113. Kg2 e4 114. Kf2 Ke5 115. Rg6 Rf3+ 116. Kg2 Kf5 117. Rg8 Rh3
118. Rh8 Kf4 119. h7 Ke3 120. Kg1 Rh5 121. Kg2 Rh3 122. Kg1 Ke2 123. Kg2 e3 124.
Kg1 Rg3+ 125. Kh2 Rf3 126. Kg2 Rf7 127. Kg3 Kf1 128. Ra8 Rxh7 129. Ra1+ Ke2 130.
Ra2+ Kd3 131. Ra3+ Kd4 132. Ra4+ Kc3 133. Ra3+ Kd2 134. Ra2+ Kc1 135. Kxg4 Kd1
136. Kf3 Rh3+ 137. Kg2 Rh8 138. Ra1+ 1/2-1/2

[Event "40th ECC Open 2025"]
[Site "Rhodes GRE"]
[Date "2025.10.23"]
[Round "5.118"]
[White "Bednarich, Jan"]
[Black "Korsunsky, Yuri"]
[Result "0-1"]
[WhiteTitle "FM"]
[BlackTitle "IM"]
[WhiteElo "2206"]
[BlackElo "2369"]
[WhiteTeam "CE Gambit Bonnevoie #1"]
[BlackTeam "Perfect"]
[WhiteFideId "806730"]
[BlackFideId "14102722"]
[EventDate "2025.10.19"]
[EventType "team"]

1. e4 e5 2. d4 exd4 3. Qxd4 Nc6 4. Qe3 d6 5. Nc3 Nf6 6. Bd2 g6 7. h4 Bg7 8.
O-O-O Qe7 9. Qg3 h5 10. Re1 Be6 11. Nd5 Qd7 12. Bc3 Bxd5 13. exd5+ Ne7 14. Qg5
Bh6 15. Bxf6 O-O-O 16. Rxe7 Qf5 17. Qxh6 Rxh6 18. Bg5 Rhh8 19. Nf3 Qxd5 20. b3
Rde8 21. Bc4 Qa5 22. Rhe1 Rxe7 23. Rxe7 d5 24. Bf6 dxc4 25. Kb2 Rf8 26. Ng5 Qd5
27. Ne4 b6 28. f3 Rd8 29. Bc3 cxb3 30. axb3 f5 31. Nf6 Qd6 32. Rg7 b5 33. Nh7 b4
34. Bf6 Rd7 35. Rxd7 Kxd7 36. Kb1 Qd1+ 37. Kb2 Qe2 38. Bg5 Ke6 39. Bd8 c5 40. g3
c4 41. bxc4 Qxc4 42. Ng5+ Kd5 43. Bf6 a5 44. Nh3 Ke6 45. Bh8 a4 46. Nf4+ Kf7 47.
Nd3 Kg8 48. Bf6 a3+ 49. Ka1 b3 0-1

[Event "40th ECC Open 2025"]
[Site "Rhodes GRE"]
[Date "2025.10.23"]
[Round "5.119"]
[White "Pleshkov, Mikhail"]
[Black "Filipovic, Slobodan J"]
[Result "1-0"]
[BlackTitle "CM"]
[WhiteElo "2033"]
[BlackElo "2182"]
[WhiteTeam "Perfect"]
[BlackTeam "CE Gambit Bonnevoie #1"]
[WhiteFideId "34106917"]
[BlackFideId "939633"]
[EventDate "2025.10.19"]
[EventType "team"]

1. d4 Nf6 2. Nf3 g6 3. g3 c5 4. d5 d6 5. c4 Bg7 6. Nc3 O-O 7. Bg2 e6 8. O-O exd5
9. cxd5 Re8 10. Nd2 b6 11. Re1 Ba6 12. a4 Ng4 13. h3 Ne5 14. Nb5 f5 15. f4 Nf7
16. e4 Bxb5 17. axb5 Bd4+ 18. Kh2 fxe4 19. Bxe4 Nd7 20. Nc4 Nf6 21. Bf3 Qd7 22.
Re6 Rad8 23. Qe2 Kf8 24. Bd2 Nh6 25. g4 Nf7 26. Bc3 Rc8 27. g5 Ng8 28. Bg4 Qb7
29. Qe4 Bxc3 30. bxc3 Rxe6 31. Bxe6 Re8 32. h4 Qe7 33. f5 Nxg5 34. hxg5 Qxg5 35.
fxg6 Nf6 36. Qf5 Qh4+ 37. Kg2 hxg6 38. Qf3 Kg7 39. Rxa7+ Kh6 40. Qh3 Qxh3+ 41.
Kxh3 Ne4 42. Rb7 Kg5 43. Rxb6 Rh8+ 44. Kg2 Nxc3 45. Nxd6 Kf4 46. Rc6 Nd1 47.
Rxc5 Ne3+ 48. Kg1 Ra8 49. Rc1 Ra2 50. Nc4 Nc2 51. Rd1 Nb4 52. d6 Kg3 53. Ne3 Re2
54. Nf1+ Kf3 55. Bd5+ Nxd5 56. Rxd5 Rg2+ 57. Kh1 Rf2 58. Rd3+ Ke4 59. Rd1 Rf8
60. d7 Rd8 61. b6 Kf3 62. b7 Ke2 63. b8=Q 1-0